Bodenkundliches praktikum /

Guardado en:
Autor Principal: Janert, Heinz.
Formato: Libro
Idioma:German
Publicado: Berlin : Verlag Technik, 1953.
Materias:
Etiquetas: Agregar Etiqueta
Sin Etiquetas, Sea el primero en etiquetar este registro!
LEADER 00473nam a22001575a 4500
001 EEA.libagro001498
008 130809s1953####gw#a##########000#0#ger#d
005 20220317121233.0
245 1 0 |a Bodenkundliches praktikum /  |c Heinz Janert. 
260 |a Berlin :  |b Verlag Technik,  |c 1953. 
300 |a 152 p. :  |b il. ;  |c 21 cm. 
100 1 |a Janert, Heinz. 
082 0 4 |a 631.4 
650 7 |a Análisis del suelo  |2 agrovoc 
010 |a 56016346 
859 |a AR-BbBCA  |b BIB. AGRONOMIA  |h 631.4  |i J33  |p 1957/0041